gemeentes centrum - Statistics

General Stats
  • This quiz has been taken 21 times
  • The average score is 10 of 16
Answer Stats
Answer % Correct
Assenede
100%
Zulte
100%
Deinze
75%
Gent
75%
Laarne
75%
Sint martens latem
75%
Zelzate
75%
Destelbergen
50%
Evergem
50%
Gavere
50%
Lievegem
50%
Lochristi
50%
Merelbeke-Melle
50%
Nazareth-de Pinte
25%
Oosterzele
25%
Wetteren
25%
No matching quizzes found
Score Distribution
Percent of People with Each Score
Percentile by Number Answered
Your Score History
You have not taken this quiz